Spain and Portugal (Record no. 81246)

MARC details
000 -LEADER
fixed length control field 00760cab a22002055a 4500
001 - CONTROL NUMBER
control field L146688
008 - FIXED-LENGTH DATA ELEMENTS--GENERAL INFORMATION
fixed length control field 090217e20090216xxkad f s 000 0 eng d
035 ## - SYSTEM CONTROL NUMBER
System control number (Sirsi) u146688
041 0# - LANGUAGE CODE
Language code of text/sound track or separate title eng
110 2# - MAIN ENTRY--CORPORATE NAME
Corporate name or jurisdiction name as entry element EuroProperty
9 (RLIN) 1216
245 00 - TITLE STATEMENT
Title Spain and Portugal
260 ## - PUBLICATION, DISTRIBUTION, ETC.
Date of publication, distribution, etc. 2009
490 #0 - SERIES STATEMENT
Series statement EuroProperty
Volume/sequential designation 16 February 2009, 21-25(5)
520 ## - SUMMARY, ETC.
Summary, etc. Reports that after 15 years of growth, Spain's economy is in worse trouble than predicted, but Portugal's steady growth puts it in a better position. Reviews the investment and office markets in Spain, and comments on the prospects for a bank bailout. Tables.
590 ## - LOCAL NOTE (RLIN)
Local note KA
651 #4 - SUBJECT ADDED ENTRY--GEOGRAPHIC NAME
Geographic name Spain
651 #4 - SUBJECT ADDED ENTRY--GEOGRAPHIC NAME
Geographic name Portugal
690 ## - LOCAL SUBJECT ADDED ENTRY--TOPICAL TERM (OCLC, RLIN)
Topical term or geographic name as entry element PROPERTY-COMMERCIAL PROPERTY-COMMERCIAL PROPERTY MARKET
942 ## - ADDED ENTRY ELEMENTS (KOHA)
Suppress in OPAC 0
Holdings
Withdrawn status Lost status Source of classification or shelving scheme Damaged status Not for loan Home library Current library Shelving location Date acquired Total Checkouts Full call number Barcode Date last seen Copy number Price effective from Koha item type
    Dewey Decimal Classification     London London Journal article 17/02/2009   L146688 146688-1001 06/08/2019 1 06/08/2019 Journal article